Marketing for hospitality and tourism / (رقم التسجيلة. 34955)

تفاصيل مارك
000 -الفاتح
حقل البيانات ثابتة الطول 00842nam a22002537a 4500
003 - محدد رقم الضبط
رقم الضبط OSt
005 - وقت وتاريخ اخر تعامل مع التسجيلة
رقم الضبط 20150408114217.0
008 - عناصر البيانات ثابتة الطول - معلومات عامة
حقل البيانات ثابتة الطول 140513s2014 maua g b 001 0 eng d
020 ## - الرقم الدولى المعيارى للكتب
الرقم الدولى المعيارى للكتاب 9780133382129
020 ## - الرقم الدولى المعيارى للكتب
الرقم الدولى المعيارى للكتاب 0133382125
040 ## - مصدر الفهرسة
وكالة الفهرسة الأصلية Ma-Un
082 04 - رقم تصنيف ديوى العشرى
رقم الطبعة 22
رقم التصنيف 647.940688
رقم المادة KPM
100 1# - المدخل الرئيسى - إسم شخصى
الإسم الشخصى Kotler, Philip
9 (RLIN) 15297
245 10 - بيان العنوان
العنوان Marketing for hospitality and tourism /
بيان المسئوليه,etc Philip Kotler, John T. Bowen, James C. Makens.
250 ## - بيان الطبعة
بيان الطبعة 6th international ed.
260 ## - PUBLICATION, DISTRIBUTION, ETC. (IMPRINT)
مكان الناشر او الموزع Boston :
اسم الناشر او الموزع Pearson,
تاريخ النشر أو التوزيع 2014.
300 ## - الوصف المادى
التعداد xxi, 682 p :
تفاصيل ماديه اخرى للوعاء ill. ;
أبعاد الوعاء 28 cm.
504 ## - تبصرة ببليوجرافية
تبصرة ببليوجرافية,الخ Includes bibliographical references and index.
650 ## - المدخل الاضافى بالموضوع-مصطلح موضوعى
مصطلح موضوعي أو اسم جغرافي كعنصر مدخل Hospitality industry
التقسيم الفرعي العام Marketing
التقسيم الفرعي الشكلي Textbooks
9 (RLIN) 44844
650 ## - المدخل الاضافى بالموضوع-مصطلح موضوعى
مصطلح موضوعي أو اسم جغرافي كعنصر مدخل Tourism
التقسيم الفرعي العام Marketing
التقسيم الفرعي الشكلي Textbooks
9 (RLIN) 44845
700 1# - المدخل الاضافى - اسم شخصى
الإسم الشخصى Bowen, John T.,
الدور author.
9 (RLIN) 44846
700 1# - المدخل الاضافى - اسم شخصى
الإسم الشخصى Makens, James C.,
الدور author.
9 (RLIN) 44847
942 ## - عناصر المدخل الإضافي( كوها)
مصدر التصنيف او مخطط الترفيف Dewey Decimal Classification
Koha [default] item type كتاب
المقتنيات
حالة الفقد نموذج السعر الفعال حالة تلف ليس للاعارة رقم الطلب رقم النسخة تاريخ الاكتساب مصدر التزويد الموقع الحالي الباركود الفرع الرئيسي Date last checked out Date last seen نوع المادة فى نظام كوها مصدر التصنيف او خطة الترفيف Total Checkouts
  2014-05-13   Not For Loan 647.940688 KPM 1 2014-05-13 دار العرب مكتبة كلية العلوم و الدراسات الإنسانية برماح - طالبات (SRF) 00211161 مكتبة كلية العلوم و الدراسات الإنسانية برماح - طالبات (SRF) 2024-12-19 2025-02-13 كتاب Dewey Decimal Classification 1
  2014-05-13     647.940688 KPM 2 2014-05-13 دار العرب مكتبة كلية العلوم و الدراسات الإنسانية برماح - طالبات (SRF) 00211162 مكتبة كلية العلوم و الدراسات الإنسانية برماح - طالبات (SRF)   2014-05-13 كتاب Dewey Decimal Classification  
  2014-05-13   Not For Loan 647.940688 KPM 1 2014-05-13 دار العرب مكتبة كلية العلوم و الدراسات الإنسانية برماح - طلاب (SRM) 00211163 مكتبة كلية العلوم و الدراسات الإنسانية برماح - طلاب (SRM)   2014-05-13 كتاب Dewey Decimal Classification  
  2014-05-13     647.940688 KPM 2 2014-05-13 دار العرب مكتبة كلية العلوم و الدراسات الإنسانية برماح - طلاب (SRM) 00211164 مكتبة كلية العلوم و الدراسات الإنسانية برماح - طلاب (SRM)   2014-05-13 كتاب Dewey Decimal Classification